000 03366cam a2200457 i 4500
001 18144715
005 20221031120545.0
008 140508s2015 enk b 001 0 eng
010 _a 2014006353
020 _a9780415717656 (hardback)
020 _z9781315871196 (e-book)
040 _aDLC
_beng
_cDLC
_erda
_dDLC
042 _apcc
043 _aa-ja---
050 0 0 _aHQ682
_b.C66 2015
082 0 0 _a306.850952
_bCON
084 _aHIS021000
_aSOC008000
_aSOC026010
_2bisacsh
245 0 0 _aConfigurations of family in contemporary Japan /
_cedited by Tomoko Aoyama, Laura Dales and Romit Dasgupta.
264 1 _aLondon ;
_aNew York :
_bRoutledge, Taylor & Francis Group,
_c2015.
300 _axvi,179 pages ;
_c24 cm.
336 _atext
_2rdacontent
337 _aunmediated
_2rdamedia
338 _avolume
_2rdacarrier
490 0 _aThe Nissan Institute/Routledge Japanese studies series
504 _aIncludes bibliographical references (pages158 -173) and index.
520 _a"The middle-class nuclear family model has long dominated discourses on family in Japan. Yet there have always been multiple configurations of family and kinship, which, in the context of significant socio-economic and demographic shifts since the 1990s, have become increasingly visible in public discourse. This book explores the meanings and practices of "family" in Japan, and brings together research by scholars of literature, gender studies, media and cultural studies, sociology and anthropology. While the primary focus is the "Japanese" family, it also examines the experience and practice of family beyond the borders of Japan, in such settings as Brazil, Australia, and Bali. The chapters explore key issues such as ageing, single households, non-heterosexual living arrangements and parenting. Moreover, many of the issues addressed, such as the growing diversity of family, the increase in single-person households, and the implications of an ageing society, are applicable to other mature, late-industrial societies. Employing both multi- and inter-disciplinary approaches, this book combines textual analysis of contemporary television, film, literature, manga, anime and other media with empirical and ethnographic studies of families in Japan and in transnational spaces. As such, it will be of great interest to students and scholars working across a number of fields including Japanese culture and society, sociology of family, gender studies, film and media studies, literature and cultural studies, and gerontology"--
_cProvided by publisher.
650 0 _aFamilies
_zJapan.
_9101782
650 0 _aFamily demography
_zJapan.
_9101922
650 0 _aHouseholds
_zJapan.
_9101923
650 0 _aSocial change
_zJapan.
_9101827
650 7 _aHISTORY / Asia / Japan.
_2bisacsh
_9101924
650 7 _aSOCIAL SCIENCE / Ethnic Studies / General.
_2bisacsh
_914202
650 7 _aSOCIAL SCIENCE / Sociology / Marriage & Family.
_2bisacsh
_9101925
651 0 _aJapan
_xSocial conditions
_y21st century.
_9101926
700 1 _aAoyama, Tomoko.
_9101927
700 1 _aDales, Laura.
_9101928
700 1 _aDasgupta, Romit.
_9101929
906 _a7
_bcbc
_corignew
_d1
_eecip
_f20
_gy-gencatlg
942 _2ddc
_cBK
999 _c592149
_d592149